Normal view
MARC view
- Kolman, Bernard,Busby, Robert C,Ross, Sharon Cutler
Entry Personal Name
001 - CONTROL NUMBER
- control field: 60882
003 - CONTROL NUMBER IDENTIFIER
- control field: NUST
005 - DATE AND TIME OF LATEST TRANSACTION
- control field: 20210628202638.0
008 - FIXED-LENGTH DATA ELEMENTS
- fixed length control field: 210628|| aca||aabn | a|a d
040 ## - CATALOGING SOURCE
- Original cataloging agency: NUST
- Transcribing agency: NUST
100 ## - HEADING--PERSONAL NAME
- Personal name: Kolman, Bernard,Busby, Robert C,Ross, Sharon Cutler
670 ## - SOURCE DATA FOUND
- Source citation: Work cat.: (NUST): Kolman, Bernard,Busby, Robert C,Ross, Sharon Cutler, Discrete mathematical structures, 2002
